000 00496nam a2200193Ia 4500
005 20250326142630.0
008 250326s9999 xx 000 0 und d
037 _aTextbook
040 _aFMSL
_beng
_cFMSL
041 _aeng
_2eng
084 _qFMSL
100 _aAssael Henry
245 0 _aConsumer behavior & marketing Action
_cAssael Henry
250 _aEd 4
260 _aBoston
_bBoston, P W S-Kent Pub. Co.
_c1992
300 _a768p
942 _cTB
999 _c1295920
_d1295920